Stanley Kubrick Movies - Sudden Death - Statistics

General Stats
  • This quiz has been taken 1,343 times
  • The average score is 9 of 13
Answers on the Grid
Answers color-coded by a green-red scale on the quiz's grid according to % correct below.
Memento
One Flew Over the Cuckoo's Nest
Fear and Desire
Amadeus
Killer's Kiss
Mulholland Drive
The Killing
Midnight Cowboy
Lawrence of Arabia
Paths of Glory
Spartacus
Rain Man
Lolita
Dr. Strangelove
Little Miss Sunshine
2001: A Space Odyssey
Fargo
A Clockwork Orange
Manhattan
Barry Lyndon
The Shining
American History X
Apocalypse Now
Full Metal Jacket
Red Dragon
Eyes Wide Shut
The Big Lebowski
Armageddon
 
Answer Stats
Answer % Correct
2001: A Space Odyssey
89%
A Clockwork Orange
87%
The Shining
86%
Eyes Wide Shut
84%
Full Metal Jacket
81%
Dr. Strangelove
79%
Barry Lyndon
72%
Lolita
69%
Paths of Glory
63%
Spartacus
61%
Fear and Desire
54%
The Killing
51%
Killer's Kiss
48%
No matching quizzes found
Score Distribution
Percent of People with Each Score
Percentile by Number Answered
Your Score History
You have not taken this quiz